[Event "Aragon-chT Preferente"]
[Site "Spain"]
[Date "2010.03.13"]
[Round "8.12"]
[White "Valiente Gimenez, Jose Luis"]
[Black "Matamoros Villarreal, Antonio"]
[Result "0-1"]
[WhiteElo "2128"]
[BlackElo "1971"]
[PlyCount "58"]
[EventDate "2010.01.23"]
[EventType "team-swiss"]
[EventRounds "12"]
[EventCountry "ESP"]
[SourceTitle "EXT 2013"]
[Source "ChessBase"]
[SourceDate "2012.11.22"]
[SourceVersion "1"]
[SourceVersionDate "2012.11.22"]
[SourceQuality "1"]
[WhiteTeam "Agrupacion"]
[BlackTeam "Shatranj"]
[WhiteTeamCountry "ESP"]
[BlackTeamCountry "ESP"]

1. e4 e5 2. Nf3 d6 3. d4 Nf6 4. Nc3 Nbd7 5. Bc4 Be7 6. 0-0 0-0 7. a4 c6 8. a5 b5 9. axb6 Nxb6 10. Be2 Qc7 11. h3 h6 12. b3 Bd7 13. Bb2 Rfe8 14. Bd3 exd4 15. Nxd4 d5 16. exd5 Nbxd5 17. Nxd5 Nxd5 18. c4 Nf4 19. Bf5 Rad8 20. Qg4 Bf8 21. Rfe1 Rxe1+ 22. Rxe1 Nd3 23. Re2 Nxb2 24. Rxb2 Bxf5 25. Nxf5 Kh8 26. g3 Qa5 27. Kg2 Re8 28. Re2 Rxe2 29. Qxe2 Qxf5 0-1

[Event "Aragon-chT Preferente"]
[Site "Spain"]
[Date "2010.03.06"]
[Round "7.8"]
[White "Valiente Gimenez, Jose Luis"]
[Black "Antoli Royo, Joaquin Miguel"]
[Result "0-1"]
[WhiteElo "2128"]
[BlackElo "2334"]
[PlyCount "82"]
[EventDate "2010.01.23"]
[EventType "team-swiss"]
[EventRounds "12"]
[EventCountry "ESP"]
[SourceTitle "EXT 2013"]
[Source "ChessBase"]
[SourceDate "2012.11.22"]
[SourceVersion "1"]
[SourceVersionDate "2012.11.22"]
[SourceQuality "1"]
[WhiteTeam "Agrupacion"]
[BlackTeam "Jaime Casas"]
[WhiteTeamCountry "ESP"]
[BlackTeamCountry "ESP"]

1. d4 Nf6 2. c4 c5 3. d5 e6 4. Nc3 exd5 5. cxd5 d6 6. Nf3 g6 7. g3 Bg7 8. Bg2 0-0 9. 0-0 Nbd7 10. h3 a6 11. a4 Rb8 12. a5 b5 13. axb6 Nxb6 14. Nd2 Nfd7 15. Qc2 Ne5 16. Na4 Bf5 17. e4 Nxa4 18. exf5 Nxb2 19. Rxa6 Nbd3 20. Ne4 Nb4 21. Qe2 Nxa6 22. Qxa6 gxf5 23. Ng5 h6 24. Nf3 Qb6 25. Qe2 Qb5 26. Qe3 Qd3 27. Qf4 Nxf3+ 28. Bxf3 Rb4 29. Qe3 Qxe3 30. Bxe3 Be5 31. Bxh6 Rfb8 32. Be3 f4 33. Bd2 Rd4 34. Bc3 Rd3 35. Bxe5 dxe5 36. Be4 Rd4 37. Re1 fxg3 38. fxg3 Rb3 39. Kh2 Rd2+ 40. Bg2 Rbb2 41. Rg1 Rxd5 0-1

[Event "Aragon-chT"]
[Site "Aragon"]
[Date "2008.03.29"]
[Round "7"]
[White "Valiente Gimenez, Jose Luis"]
[Black "Cobo Garrido, Diego Israel"]
[Result "1-0"]
[WhiteElo "2134"]
[BlackElo "1989"]
[PlyCount "89"]
[EventDate "2008.02.02"]
[EventType "team-swiss"]
[EventRounds "12"]
[EventCountry "ESP"]
[SourceTitle "EXT 2011"]
[Source "ChessBase"]
[SourceDate "2010.11.26"]
[SourceVersion "1"]
[SourceVersionDate "2010.11.26"]
[SourceQuality "1"]

1. e4 c5 2. Nc3 d6 3. Nf3 Nc6 4. d4 cxd4 5. Nxd4 Nf6 6. Bg5 Qb6 7. Nb3 e6 8. Be3 Qc7 9. g4 h6 10. f4 a6 11. a4 b6 12. Bg2 Bb7 13. Qe2 Nb4 14. Rc1 d5 15. exd5 Nfxd5 16. Nxd5 Nxd5 17. 0-0 Nxe3 18. Bxb7 Qxb7 19. Qxe3 Be7 20. Nd4 0-0 21. Rcd1 Rad8 22. c3 Qd7 23. b3 Qc7 24. Rd3 Rfe8 25. Rfd1 Bd6 26. Rf1 e5 27. fxe5 Rxe5 28. Qf3 Rd5 29. h3 Bc5 30. Rfd1 b5 31. axb5 axb5 32. Kg2 Bxd4 33. Rxd4 Rxd4 34. cxd4 Rd6 35. Qa8+ Kh7 36. Qe4+ g6 37. d5 Qd7 38. Rd3 Kg7 39. Qe5+ f6 40. Qe4 Kf7 41. h4 Qe7 42. Kf3 f5 43. gxf5 Rf6 44. d6 Rxf5+ 45. Qxf5+ 1-0